Регионална библиотека "Любен Каравелов" - Русе

Арена (Запис номер 409424)

MARC детайли
000 -Лидер
Контролно поле с фиксирана дължина 01163aam a2200289 a 4500
003 - Код на организацията, давaща контролен номер
Контролно поле BLK
005 - Дата и час на последна редакция
Контролно поле 20250301093829.0
008 - Елементи от данни с фиксирана дължина
fixed length control field 181012b bu |||||r|||||||| ||bu d
020 ## - Международен стандартен номер на книга ISBN
Международен стандартен номер на книга ISBN 9786190300540
040 ## - Източник на каталожния запис
Идентификатор на билиотеката - собственик на записа BLK
041 ## - Код за език
Код за езика на текст/звукозапис или на отделно заглавие Български
Код за езика КДБФ Български
080 ## - УДК
Текстов определител УДК Английска литература
УДК код - определител по УДК 821.111
УДК определител -311.6
УДК - код + определител 821.111-311.6
100 ## - Редна дума - Автор
Автор Скароу, Саймън
Авторска отговорност първи автор
R(LIN) 449240
139 ## - Редно поле
Редна дума Скароу, Саймън и др.
Авторски знак Ск - С 39
245 ## - Сведения за заглавието
Заглавие Арена
Редно поле (дума) Саймън Скароу, Т. Дж. Ендрюс; прев. от англ. Венцислав Божилов.
257 ## - Страна на издаване
Страна на създаване/издаване България
260 ## - Област на издателските данни
Място на издаване, разпространение и проч. София
Име на издателя, разпространителя и проч. Бард
Година на издаване 2021
Печатница София : Алианс принт
300 ## - Физическа характеристика
Страници 367 с.
Размери/Мащаб 21 см
380 ## - Жанр
Жанр Худож. лит.
500 ## - Общи забележки
Забележка Ориг. загл.: Arena / Simon Scarrow, T. J. Andrews
700 ## - Други автори (авторска отговорност)
Лично име Божилов, Венцислав Божидаров
Звания и думи, свързани с автора Теодосиев, Стефан, 1968- (псевдоним)
Дати, свързани с автора 1968-
9 (RLIN) 367877
700 ## - Други автори (авторска отговорност)
Лично име Ендрюс, Т. Дж.
Автороска отговорност (Описва отношението между автора и произведението) съавт.
9 (RLIN) 1445
852 ## - Местоположение
Форматна сигнатура Цб
Фондова буква Хранилище
999 ## - СИСТЕМНИ КОНТРОЛНИ НОМЕРА
Koha biblionumber 409424
Koha biblioitemnumber 409424
942 ## - АРТИКУЛИ
Вид на библиотечния материал Книги
Източник на класификационната схема Universal Decimal Classification
Скрит в OPAC Не
Koha issues (borrowed), all copies 26
Периодичен библиозапис Да
944 ## - СЪЗДАВАНЕ И РЕДАКЦИЯ на ЗАПИСА
Служител, извършил регистрацията/редакцията 30546
Статус, дата на статуса Ренета Константинова
999 ## - СИСТЕМНИ КОНТРОЛНИ НОМЕРА
Koha biblioitemnumber 409424
Наличности
Код за отписване Код за изгубен артикул Източник на класификационната схема Код за повреда Коз за рестрикции Код за отдаване Артикулен № Име на библиотеката - собственик Име на библиотеката, в която се намира в момента Статус (Текущо местоположение) Дата на вписване в системата Местоположение - отдел Цена в лева Систематично азбучна сигнатура Баркод Цена в евро Служебен тип на артикула
  Не е изгубен Universal Decimal Classification Не е повреден без рестрикции заемане за дома 824899 Регионална библиотека "Любен Каравелов" Русе Регионална библиотека "Любен Каравелов" Русе Заемна - подръчен фонд 2021-04-20 Заемна - подръчен фонд 14.99 821-31/С 39 С 120000854084 7.66 Книги
  Не е изгубен Universal Decimal Classification Не е повреден без рестрикции заемане за дома 824900 Регионална библиотека "Любен Каравелов" Русе Регионална библиотека "Любен Каравелов" Русе Заемна - подръчен фонд 2021-04-20 Заемна - подръчен фонд 14.99 821-31/С 39 С 120000854085 7.66 Книги
  Не е изгубен Universal Decimal Classification Не е повреден само за читалня ползва се в читалня 869875 Регионална библиотека "Любен Каравелов" Русе Регионална библиотека "Любен Каравелов" Русе Хранилище 2022-02-08 Хранилище 19.99 Цб 310421 120000864477 10.22 Книги
Vip Innovations Ltd, Rousse, Bulgaria 2025